Jesus--the end and the beginning : (Record no. 10514)

MARC details
000 -LEADER
fixed length control field 01565cam a22003618i 4500
001 - CONTROL NUMBER
control field 20636326
003 - CONTROL NUMBER IDENTIFIER
control field GBCCL
005 - DATE AND TIME OF LATEST TRANSACTION
control field 20241128103500.0
008 - FIXED-LENGTH DATA ELEMENTS--GENERAL INFORMATION
fixed length control field 180810s2019 miu b 001 0 eng c
010 ## -
-- 2018018007
020 ## - INTERNATIONAL STANDARD BOOK NUMBER
International Standard Book Number 9781540960542
Qualifying information (pbk.)
040 ## - CATALOGING SOURCE
Original cataloging agency LBSOR/DLC
Language of cataloging eng
Description conventions rda
Transcribing agency LBSOR
042 ## -
-- pcc
050 00 -
-- BT203
-- .W667 2019
082 00 - DEWEY DECIMAL CLASSIFICATION NUMBER
Classification number 232.8
Edition information 23
Item number WOR
100 1# - MAIN ENTRY--PERSONAL NAME
Personal name Work, Telford,
Relator term author.
9 (RLIN) 18312
245 10 - TITLE STATEMENT
Title Jesus--the end and the beginning :
Remainder of title tracing the Christ-shaped nature of everything /
Statement of responsibility, etc. Telford Work.
263 ## - PROJECTED PUBLICATION DATE
Projected publication date 1902
264 #1 - PRODUCTION, PUBLICATION, DISTRIBUTION, MANUFACTURE, AND COPYRIGHT NOTICE
Place of production, publication, distribution, manufacture Grand Rapids, MI :
Name of producer, publisher, distributor, manufacturer Baker Academic,
Date of production, publication, distribution, manufacture, or copyright notice [2019]
300 ## - PHYSICAL DESCRIPTION
Extent pages cm
336 ## - CONTENT TYPE
Content type term text
Source rdacontent
337 ## - MEDIA TYPE
Media type term unmediated
Source rdamedia
338 ## - CARRIER TYPE
Carrier type term volume
Source rdacarrier
504 ## - BIBLIOGRAPHY, ETC. NOTE
Bibliography, etc. note Includes bibliographical references and index.
505 0# - FORMATTED CONTENTS NOTE
Formatted contents note Jesus, the end and the beginning of God -- Jesus, the end and the beginning of the cosmos -- Jesus, the end and the beginning of humanity -- Jesus, the end and the beginning of Israel -- Jesus, the end and the beginning of the nations -- Jesus, the end and the beginning of a life -- Jesus, the end and the beginning of the book.
520 ## - SUMMARY, ETC.
Summary, etc. "Offers a unique, big-picture introduction to how Jesus's life and death shape Christian theology and practice"--
Assigning source Provided by publisher.
600 00 - SUBJECT ADDED ENTRY--PERSONAL NAME
Personal name Jesus Christ
General subdivision Person and offices.
9 (RLIN) 268
600 00 - SUBJECT ADDED ENTRY--PERSONAL NAME
Personal name Jesus Christ
General subdivision History of doctrines.
9 (RLIN) 1326
650 #0 - SUBJECT ADDED ENTRY--TOPICAL TERM
Topical term or geographic name entry element Theology, Doctrinal.
9 (RLIN) 14
906 ## - LOCAL DATA ELEMENT F, LDF (RLIN)
a 7
b cbc
c orignew
d 1
e ecip
f 20
g y-gencatlg
942 ## - ADDED ENTRY ELEMENTS (KOHA)
Source of classification or shelving scheme Dewey Decimal Classification
Koha item type Books
Holdings
Withdrawn status Lost status Source of classification or shelving scheme Damaged status Not for loan Home library Current Library Shelving location Date acquired Total checkouts Full call number Barcode Date last seen Copy number Price effective from Koha item type
    Dewey Decimal Classification     GRACE BIBLE COLLEGE GRACE BIBLE COLLEGE Theology 2024-11-25   232.8 WOR 020852 2025-05-01 c.1 2024-11-25 Books
© Grace Bible College Library 2025